| 000 | 00387nam a22001457a 4500 | ||
|---|---|---|---|
| 020 | _a0070034532 | ||
| 082 | _a300.72BAK | ||
| 100 |
_aBaker, Therese L. _9719 |
||
| 245 | _aDoing social research | ||
| 260 |
_aNew york _bMcGraw- Hill _c1988 |
||
| 300 | _axxvi,483p.;ill.:25cm. | ||
| 500 | _aInclude Appendix, Reference, Glossary and Index | ||
| 650 |
_aSocial research _999 |
||
| 942 | _cBK | ||
| 999 |
_c15850 _d15850 |
||